| 000 | 01661 a2200313 4500 | ||
|---|---|---|---|
| 003 | OSt | ||
| 005 | 20180116192352.0 | ||
| 008 | 120601t xxu||||| |||| 00| 0 eng d | ||
| 010 | _a 2010281317 | ||
| 020 | _a9780714846651 (hbk.) | ||
| 020 | _a0714846651 (hbk.) | ||
| 035 | _a(OCoLC)ocn310383449 | ||
| 040 | _c0 | ||
| 082 | 0 | 4 | _a720.952 |
| 100 | 1 |
_aPollock, Naomi R. _93600 |
|
| 245 | 1 | 0 |
_aHitoshi Abe / _cNaomi Pollock. |
| 260 |
_aLondon ; _aNew York, NY : _bPhaidon, _c2008. |
||
| 300 |
_a208 p. : _bill. (some col.), plans ; _c30 cm. |
||
| 500 | _aIncludes index. | ||
| 500 | _aStatement of responsibility from cover. | ||
| 505 | 0 | _aLine -- Miyagi Stadium (MSP) -- Shirasagi Bridge (SBP) -- Neige Lune Fleur (MRP) -- Matsushima Yacht House (MYH) -- N-House (NH) -- I-House (IH) -- Reihoku Community Hall (KAP) -- Surface -- Miyagi Water Tower (MWT) -- Yomiuri Media Miyagi Guest House (YG) -- Michinoku Folklore Museuym (KIR) -- Sasaki Office Factory for prosthetice (SOB) -- Aoba-tei (AIP) -- Tokyo House KADO 001 (NHB) -- 9 Tsubo House TALL (TH9) -- PTI and PTK -- Dining Dayu (DIP) -- Volume -- Gravel 2 (G2P) -- M-House (MH) -- M-Dental Clinic (ADC) -- Sekii Ladies Clinic (FLC) -- Y-House (YH) -- JB-House (JBH) -- K-House (KH) -- Kanno Museum (SSM) -- Whopper (KCH) -- F-town (FRP). | |
| 600 | 1 | 0 |
_aAbe, Hitoshi, _d1962- _93601 |
| 600 | 1 | 0 |
_aAbe, Hitoshi _93602 |
| 650 | 1 | 0 |
_aArchitecture _zJapan _xHistory _y20th century. _93603 |
| 650 | 1 | 0 |
_aArchitecture _zJapan _y21st century. _93604 |
| 700 | 1 |
_aAbe, Hitoshi, _d1962- _93605 |
|
| 942 |
_aSADA _cBK _k720.952 POL 2008 _2ddc |
||
| 999 |
_c352968 _d352968 |
||